000 00714nam a22002177a 4500
003 0
005 20250908125825.0
008 250908b xxu||||| |||| 00| 0 eng d
020 _a978-1-032-57582-7
050 _aLB 2831.9
_b.C37 2025
100 _aCarr, Victoria,
_eauthor.
245 _aAuthentic school improvement for authentic leaders /
_cVictoria Carr.
260 _aNew York, NY :
_bRoutledge,
_c2025.
300 _axviii, 233 pages ;
_c25 cm.
504 _aIncludes bibliographical references and index.
650 _aSchool improvement programs.
650 _aEducational leadership.
650 _aSchool management and organization.
650 _aSchool principals
_xLeadership.
942 _2lcc
_cBK
999 _c367819
_d367819